000 00661nam a2200181Ia 4500
008 100920s9999 xx 000 0 und d
082 _b62314
_a28 व 51 थ 81
100 _a---
245 _aपंडित जवाहरलाल नेहरू.
260 _bराष्ट्रीय चरित्रमाला पुणे.
_c1981
300 _a56
_bसाधी
365 _b4
520 _aबा. वि चरित्र.
630 _aपंडित जवाहरलाल नेहरू.
650 _aबा. वि चरित्र.
730 _aपंडित जवाहरलाल नेहरू.
942 _cBOOK
999 _c705452
_d705449